|
|
|
|
| LEADER |
00000cam a2200000 7i4500 |
| 001 |
0000005998 |
| 005 |
20160509.0 |
| 008 |
070814 |
| 020 |
|
|
|a 0753710056
|
| 090 |
0 |
0 |
|a 500.076
|b TEL
|
| 090 |
0 |
0 |
|a Q
|b ENG
|
| 245 |
0 |
0 |
|a Tell me what?
|
| 260 |
|
|
|a India :
|b Octopus Publishing Group Ltd ,
|c 2004
|
| 440 |
|
|
|a Answer to hundreds of questions
|
| 500 |
|
|
|a Children ages 10-12 years old (pink)
|
| 650 |
|
0 |
|a Junior fiction
|x English
|x Languages
|
| 650 |
|
0 |
|a Quiz
|
| 710 |
0 |
|
|a Title
|
| 999 |
|
|
|a 0000894964
|b Book
|c Children Collection
|e Cawangan Bandar Penawar
|
| 999 |
|
|
|a 0000894966
|b Book
|c Children Collection
|e Cawangan Kota Tinggi
|
| 999 |
|
|
|a 0000894969
|b Book
|c Children Collection
|e Cawangan Segamat
|
| 999 |
|
|
|a 0000894970
|b Book
|c Children Collection
|e Cawangan Tangkak
|
| 999 |
|
|
|a 0000894971
|b Book
|c Children Collection
|e Cawangan Tangkak
|
| 999 |
|
|
|a 0000894972
|b Book
|c Children Collection
|e Cawangan Tmn. Ungku Tun Aminah
|
| 999 |
|
|
|a 0000981658
|b Book
|c Children Collection
|e Cawangan Tmn. Ungku Tun Aminah
|
| 999 |
|
|
|a 0000981659
|b Book
|c Children Collection
|e Cawangan Bandar Tenggara
|
| 999 |
|
|
|a 0001567829
|b Book
|c Children Collection
|e Cawangan Mersing
|